000 01822nam a2200229 a 4500
005 20141215134409.0
008 140128b2007 ck ||||| |||| 00| 0 spa d
040 _cCO-BoIH
041 _aspa
044 _ack
090 _aIAVH
_b00790
100 _aCeballos B., Jorge Eduardo
_95404
245 _aSistema Regional de Áreas Protegidas del Eje Cafetero: Avances de la gestión en áreas protegidas a nivel departamental y municipal
260 _aPereira
_bCarder
_bIAvH
_bCRQ
_bCorpocaldas
_bUAESPNN
_bCortolima
_bCVC
_bWWF
_bFundación Ecoandina
_bRed de Reservas de la Sociedad Civil
_bWildlife Conservation Society
_c2007
300 _a94 p.
520 _aAvances de la gestión en áreas protegidas a nivel departamental y local en el marco del SIRAP-EC hace parte de una serie de publicaciones que incluyen un libro sobre los avances del SIRAP-EC, otro sobre experiencias de incentivos a la conservación, la reedición de planificando EL Edén y dos cartillas pedagógicas sobre especies focales (mono aullador y pava caucana). Se espera que esta información sea útil no sólo como memoria histórica, si no además para referente para la consolidación de nuevos procesos o aquellos que se adelantan a todo nivel, sobre el Sistema de Áreas Protegidas en Colombia. El capítulo 1 presenta el sistema departamental de áreas protegidas - SIDAP de Risaralda; el capítulo 2 presenta el sistema departamental de áreas protegidas - SIDAP del Valle del Cauca; el capítulo 3 el de Quindío, el capítulo 4 el de Caldas, el 5 el de Tolima y el sexto capítulo presenta un análisis y unas recomendaciones para el fortalecimiento de la gestión en las AP del EC
650 _aSIRAP
_91977
650 _aEje Cafetero
_930155
650 _aGestión de Áreas Protegidas
_92754
942 _cINFORME
_2z
945 _d2008-09-23
999 _c6607
_d6607